000 00407nam a2200181Ia 4500
001 9837
005 20260306161747.0
008 260306t2013||||xx |||||||||||||| ||spa||
041 _aESP
082 _a467.985
_bH53
100 _aHildebrandt, Martha
_eAUT
245 0 _aPeruanismos
260 _c2013
300 _a542 páginas :
_c24 cm.
650 _aGEN
654 _aCHU
942 _cLIB
_dJUS
_fJUS
_2ddc
_n
999 _c9837
_d9837